000 01252nam0a2200325 4500
001 RU\NLR\BIBL_A\022501001
005 20250602151804.0
010 _a978-5-389-25269-1
_910000
021 _aRU
_bКН-П-25-003962
_9КН-П-25-0382
035 _a(NLR Aleph) 022501001
090 _a13427605
_c13427605
100 _a20250325d2024 u y0rusy50 ca
101 1 _arus
_ceng
102 _aRU
105 _ay z 000ay
181 0 _ai4
_baxxe
182 0 _an
200 1 _aПоследнее убийство в конце времени
_e[роман]
_fСтюарт Тёртон
_gперевод с английского Натальи Масловой
203 _aТекст
_bвизуальный
_cнепосредственный
210 _aСанкт-Петербург
_cАзбука-Аттикус, Азбука
_d2024 (макет 2025)
215 _a443, [2] с.
_d22
225 1 _aThe big book
320 _aДр. произведения авт. на 2-й с.
686 1 _aШ6(4Вл)67-446{Лх1299-60}
700 1 _7ca
_8rus
_aТёртон
_bС.
_gСтюарт
_9203709
_3RU\NLR\AUTH\770203760
942 _cBOOK
980 _aNB